Freedom and Creation in Three Traditions (Record no. 6242)

MARC details
000 -LEADER
fixed length control field 00668nam a2200253 a 4500
020 ## - INTERNATIONAL STANDARD BOOK NUMBER
ISBN 0268872
082 00 - DEWEY DECIMAL CLASSIFICATION NUMBER
Classification number 291.24
Author Cutter BUR
100 ## - MAIN ENTRY--AUTHOR NAME
Author name Burrell, David B
245 ## - TITLE STATEMENT
Title Freedom and Creation in Three Traditions
260 ## - PUBLICATION, DISTRIBUTION, ETC. (IMPRINT)
Place of publication Notre Dame in
Name of publisher University of Notre Dame Press
Year of publication 1993
300 ## - PHYSICAL DESCRIPTION
Number of Pages 225p
500 ## - GENERAL NOTE
General note includes index and biblioraphy
505 2# - FORMATTED CONTENTS NOTE
Formatted contents note Index
650 ## - SUBJECT ADDED ENTRY--TOPICAL TERM
Topical Term Comparative Religion-Creation
650 ## - SUBJECT ADDED ENTRY--TOPICAL TERM
Topical Term God-Omnipotence
942 ## - ADDED ENTRY ELEMENTS (KOHA)
Koha item type Books
700 1# -
-- Burrell, David B
Holdings
Collection code Home library Current library Date acquired Cost, normal purchase price Full call number Accession Number Koha item type
  Henry Martyn Institute Library Henry Martyn Institute Library 07/19/2007 100.00 291.24 BUR 014965 Books
                   Copyright © 2026 | Henry Martyn Institute | Hyderabad | TS-500052 | INDIA | Implemented by hmi.edu.in
Hit-Count:

Powered by Koha